| 000 | 00573cam a22001695a 4500 | ||
|---|---|---|---|
| 001 | L157275 | ||
| 008 | 121009s1868 xxk f 000 0 eng d | ||
| 035 | _a(Sirsi) u157275 | ||
| 041 | 0 | _aeng | |
| 245 | 0 | 0 |
_aReports of selected compensation cases _breported, collected, and compiled for subscription circulation. Vol. III January to December 1867 |
| 260 |
_aWestminster (London) _b[s.n.] _c1868 |
||
| 300 |
_a207 p. _c33 cm. |
||
| 583 |
_aCondition reviewed _c20120620 _lcondition level 2 |
||
| 651 | 4 |
_aEngland and Wales _y1543- |
|
| 690 |
_aValuation _96273 |
||
| 942 | _n0 | ||
| 999 |
_c114694 _d114694 |
||